| 000 | 01213nam a2200229Ia 4500 | ||
|---|---|---|---|
| 999 |
_c49197 _d49197 |
||
| 001 | 16108 | ||
| 003 | GE_BSU | ||
| 005 | 20211208125036.0 | ||
| 008 | 181216s2013||||ge |||||||||||||| ||geo|| | ||
| 020 | _a9789941203466 | ||
| 040 | _cGE_BSU | ||
| 041 | _ageo | ||
| 080 | _a005.35(075.8)+339.39 ლ-16 | ||
| 100 |
_aლაზვიაშვილი, ნინო _913214 |
||
| 245 |
_aკორპორაციული მენეჯმენტი / _cნინო ლაზვიაშვილი ; [ სამეც. რედ. სრ. პროფ. : ა. აბრალავა ; რეცენზ. : სრ. პროფ. : გ. მალაშხია, აუდ. ფირმა დირ. : პროფ. ნ. ბაკაშვილი, ასოც. პროფ. უ. სამადაშვილი ]. |
||
| 264 |
_aთბილისი : _bტექნიკური უნ-ტი, _c2013. |
||
| 300 |
_a582 გვ.: _bნახ.; _c20 სმ. |
||
| 504 | _aბიბლიოგრ. გვ.575-580 | ||
| 653 | _aკორპორაციული მენეჯმენტი | ||
| 700 |
_a აბრალავა, ა. _eრედაქტორი _913215 |
||
| 942 |
_cBK _2udc |
||